000 00756nam a2200253 a 4500
008
020 _a0039103536 (pbk.)
049 _aMAIN
090 _aHF5691
_bSED
100 1 _aSeddon, V. J.
245 1 2 _aA first course in business analysis /
_cV. J. Seddon, J. H. Butel.
260 _aLondon :
_bHolt, Rinehart and Winston,
_cc1982.
300 _ax, 230 p. ;
_c25 cm.
440 0 _aHolt business texts.
500 _aIncludes index.
650 0 _aDecision making
_xMathematical models.
700 1 _aButel, J. H.
740 _aBusiness analysis :
_ba first course.
907 _a.b10051065
_b21-11-12
_c17-04-03
003
005 20230123133750.0
040 _cNUST
942 _cBOOKS
_kHF5691
_mSED
999 _c154240
_d154240